[Event "2016 Redpath Mining Millionaire Chess Open"]
[Site "Venue: Old Ed’s Sports Complex, Houghton, Johannesburg"]
[Date "2016.07.15"]
[Round "4"]
[Board "8"]
[White "Marais, Daniel"]
[Black "Mbedza, Richard"]
[Result "0-1"]
[WhiteElo "1771"]
[BlackElo "1947"]
[PlyCount "0"]
[EventDate "2016.07.13"]
[EventRounds "9"]
[EventCountry "RSA"]

1. e4 {[%clk 1:30:55]} d5 {[%clk 1:25:23]} 2. exd5 {[%clk 1:31:13]} Qxd5
{[%clk 1:25:50]} 3. d4 {[%clk 1:31:33]} c6 {[%clk 1:25:38]} 4. c4
{[%clk 1:31:51]} Qd6 {[%clk 1:25:38]} 5. Nc3 {[%clk 1:32:10]} Bf5
{[%clk 1:25:22]} 6. Nf3 {[%clk 1:32:28]} Nf6 {[%clk 1:24:06]} 7. Be2
{[%clk 1:28:47]} e6 {[%clk 1:24:02]} 8. O-O {[%clk 1:28:00]} Be7 {[%clk 1:23:20]}
9. Qb3 {[%clk 1:10:22]} Qb4 {[%clk 1:23:32]} 10. Qd1 {[%clk 1:10:11]} Nbd7
{[%clk 1:23:26]} 11. Nh4 {[%clk 0:57:06]} Bg6 {[%clk 1:21:54]} 12. f4
{[%clk 0:56:22]} Rd8 {[%clk 1:15:05]} 13. f5 {[%clk 0:56:22]} exf5
{[%clk 1:15:02]} 14. Nxf5 {[%clk 0:56:45]} Bxf5 {[%clk 1:14:23]} 15. Rxf5
{[%clk 0:57:05]} O-O {[%clk 1:09:58]} 16. a3 {[%clk 0:57:11]} Qd6
{[%clk 1:10:15]} 17. Bf4 {[%clk 0:51:08]} Qe6 {[%clk 1:09:52]} 18. Ra5
{[%clk 0:51:10]} Nb6 {[%clk 1:03:56]} 19. Re5 {[%clk 0:45:38]} Qd7
{[%clk 1:01:39]} 20. Be3 {[%clk 0:45:24]} Bd6 {[%clk 1:00:26]} 21. Rg5
{[%clk 0:45:00]} Qe6 {[%clk 0:59:44]} 22. Qd2 {[%clk 0:43:58]} Rfe8
{[%clk 0:58:10]} 23. Rf1 {[%clk 0:41:20]} Qxe3+ {[%clk 0:44:57]} 24. Qxe3
{[%clk 0:41:26]} Rxe3 {[%clk 0:44:42]} 25. c5 {[%clk 0:40:02]} Be7
{[%clk 0:42:56]} 26. cxb6 {[%clk 0:40:23]} axb6 {[%clk 0:43:15]} 27. Re5
{[%clk 0:39:25]} Rxe5 {[%clk 0:40:49]} 28. dxe5 {[%clk 0:39:48]} Nd7
{[%clk 0:40:11]} 29. e6 {[%clk 0:36:42]} fxe6 {[%clk 0:40:21]} 30. Bg4
{[%clk 0:36:35]} Nf8 {[%clk 0:39:22]} 31. Re1 {[%clk 0:36:44]} Bf6
{[%clk 0:38:53]} 32. Bxe6+ {[%clk 0:34:51]} Nxe6 {[%clk 0:39:15]} 33. Rxe6
{[%clk 0:35:07]} Rd2 {[%clk 0:39:29]} 34. Ne4 {[%clk 0:34:32]} Rd1+
{[%clk 0:36:40]} 35. Kf2 {[%clk 0:34:31]} Kf7 {[%clk 0:34:43]} 36. Rd6
{[%clk 0:20:31]} Rxd6 {[%clk 0:33:13]} 37. Nxd6+ {[%clk 0:20:56]} Ke6
{[%clk 0:33:18]} 38. Ne4 {[%clk 0:21:07]} Bxb2 {[%clk 0:33:22]} 39. a4
{[%clk 0:21:15]} h6 {[%clk 0:32:31]} 40. Ke3 {[%clk 0:21:04]} Kd5
{[%clk 0:32:14]} 41. Kd3 {[%clk 0:21:12]} Be5 {[%clk 0:30:50]} 42. h3
{[%clk 0:21:35]} g6 {[%clk 0:30:31]} 43. g4 {[%clk 0:20:08]} g5 {[%clk 0:30:48]}
44. Nd2 {[%clk 0:18:39]} Kc5 {[%clk 0:30:56]} 45. Nc4 {[%clk 0:18:51]} Bf4
{[%clk 0:30:36]} 46. Kc3 {[%clk 0:17:47]} b5 {[%clk 0:28:47]} 47. axb5
{[%clk 0:17:10]} Kxb5 {[%clk 0:29:07]} 48. Na3+ {[%clk 0:17:21]} Kc5
{[%clk 0:28:47]} 49. Nc2 {[%clk 0:17:37]} b5 {[%clk 0:27:45]} 50. Ne1
{[%clk 0:15:21]} b4+ {[%clk 0:27:50]} 51. Kb3 {[%clk 0:15:43]} Kb5
{[%clk 0:28:16]} 52. Nd3 {[%clk 0:15:52]} c5 {[%clk 0:23:57]} 53. Nb2
{[%clk 0:16:12]} Bc7 {[%clk 0:22:37]} 54. Nc4 {[%clk 0:16:12]} Kc6
{[%clk 0:18:31]} 55. Ne3 {[%clk 0:16:25]} Bd6 {[%clk 0:17:18]} 56. Kc4
{[%clk 0:13:26]} Bf8 {[%clk 0:16:59]} 57. Ng2 {[%clk 0:08:42]} Kd6
{[%clk 0:15:35]} 58. h4 {[%clk 0:08:58]} Ke5 {[%clk 0:15:51]} 59. hxg5
{[%clk 0:08:41]} hxg5 {[%clk 0:16:19]} 60. Kd3 {[%clk 0:08:31]} Bd6
{[%clk 0:15:31]} 61. Ne3 {[%clk 0:06:37]} Kf4 {[%clk 0:14:44]} 62. Nc4
{[%clk 0:06:45]} Be5 {[%clk 0:14:08]} 63. Ne3 {[%clk 0:06:45]} Bd4
{[%clk 0:13:39]} 0-1

[Event "2016 Redpath Mining Millionaire Chess Open"]
[Site "Venue: Old Ed’s Sports Complex, Houghton, Johannesburg"]
[Date "2016.07.15"]
[Round "4"]
[Board "9"]
[White "Mpya, Tshediso M"]
[Black "Baxter, David Jarred"]
[Result "1/2-1/2"]
[WhiteElo "1941"]
[BlackElo "1662"]
[PlyCount "0"]
[EventDate "2016.07.13"]
[EventRounds "9"]
[EventCountry "RSA"]

1. d4 {[%clk 1:30:48]} Nf6 {[%clk 1:30:54]} 2. Nf3 {[%clk 1:31:07]} d5
{[%clk 1:30:17]} 3. Bf4 {[%clk 1:31:31]} e6 {[%clk 1:30:21]} 4. e3
{[%clk 1:31:54]} c5 {[%clk 1:30:16]} 5. Nc3 {[%clk 1:32:16]} Bd6 {[%clk 1:29:30]}
6. Bb5+ {[%clk 1:32:29]} Nc6 {[%clk 1:29:12]} 7. Ne5 {[%clk 1:30:10]} Qc7
{[%clk 1:27:36]} 8. Ba4 {[%clk 1:14:36]} a6 {[%clk 1:24:21]} 9. Nxc6
{[%clk 1:14:38]} bxc6 {[%clk 1:21:29]} 10. dxc5 {[%clk 1:15:05]} Bxf4
{[%clk 1:20:22]} 11. exf4 {[%clk 1:15:34]} a5 {[%clk 1:17:49]} 12. O-O
{[%clk 1:15:51]} Rb8 {[%clk 1:17:25]} 13. g3 {[%clk 1:16:01]} O-O
{[%clk 1:14:27]} 14. a3 {[%clk 1:15:16]} Nd7 {[%clk 1:08:30]} 15. Qd4
{[%clk 1:15:26]} e5 {[%clk 1:04:00]} 16. fxe5 {[%clk 1:15:24]} Nxe5
{[%clk 1:04:22]} 17. f4 {[%clk 1:15:18]} Nd7 {[%clk 1:00:12]} 18. Rfe1
{[%clk 1:15:30]} Nf6 {[%clk 0:55:53]} 19. Re5 {[%clk 1:14:37]} Ng4
{[%clk 0:53:44]} 20. Re2 {[%clk 1:14:28]} Ba6 {[%clk 0:52:54]} 21. Ree1
{[%clk 1:14:57]} Nh6 {[%clk 0:45:49]} 22. Re5 {[%clk 1:13:53]} g6
{[%clk 0:45:14]} 23. Bxc6 {[%clk 1:13:50]} Qxc6 {[%clk 0:44:41]} 24. Nxd5
{[%clk 1:14:17]} Qb7 {[%clk 0:37:30]} 25. Nf6+ {[%clk 1:08:47]} Kg7
{[%clk 0:31:46]} 26. b3 {[%clk 1:05:59]} Rfd8 {[%clk 0:30:04]} 27. Rd5
{[%clk 1:06:26]} Nf5 {[%clk 0:25:32]} 28. Nh5+ {[%clk 1:02:36]} Kh6
{[%clk 0:25:28]} 29. Qf6 {[%clk 1:02:09]} Qe7 {[%clk 0:24:44]} 30. Rxf5
{[%clk 1:02:34]} Qe3+ {[%clk 0:23:28]} 31. Kg2 1/2-1/2

[Event "2016 Redpath Mining Millionaire Chess Open"]
[Site "Venue: Old Ed’s Sports Complex, Houghton, Johannesburg"]
[Date "2016.07.15"]
[Round "4"]
[Board "10"]
[White "Priyanshu, Srivastava"]
[Black "Smith, Elani"]
[Result "1-0"]
[WhiteElo "1878"]
[BlackElo "1168"]
[PlyCount "0"]
[EventDate "2016.07.13"]
[EventRounds "9"]
[EventCountry "RSA"]

1. d4 {[%clk 1:30:56]} Nf6 {[%clk 1:30:52]} 2. c4 {[%clk 1:31:19]} e6
{[%clk 1:31:15]} 3. Nc3 {[%clk 1:31:46]} Be7 {[%clk 1:30:57]} 4. Bg5
{[%clk 1:29:28]} O-O {[%clk 1:29:26]} 5. Nf3 {[%clk 1:29:06]} d5 {[%clk 1:28:20]}
6. e3 {[%clk 1:29:17]} Nbd7 {[%clk 1:27:42]} 7. Be2 {[%clk 1:26:56]} h6
{[%clk 1:17:34]} 8. Bh4 {[%clk 1:26:23]} b6 {[%clk 1:16:57]} 9. Rc1
{[%clk 1:21:21]} Ba6 {[%clk 1:15:10]} 10. cxd5 {[%clk 1:19:50]} Bxe2
{[%clk 1:15:21]} 11. Qxe2 {[%clk 1:19:54]} exd5 {[%clk 1:12:12]} 12. O-O
{[%clk 1:15:10]} a5 {[%clk 1:06:14]} 13. Qb5 {[%clk 1:10:48]} Rc8
{[%clk 1:05:25]} 14. Nxd5 {[%clk 1:05:23]} Nxd5 {[%clk 1:05:15]} 15. Qxd5
{[%clk 1:05:40]} Bxh4 {[%clk 0:53:41]} 16. Nxh4 {[%clk 1:05:21]} c5
{[%clk 0:45:15]} 17. Nf5 {[%clk 1:00:58]} Kh7 {[%clk 0:40:26]} 18. Rfd1
{[%clk 0:51:24]} g6 {[%clk 0:37:42]} 19. Nd6 {[%clk 0:41:52]} Nf6
{[%clk 0:37:11]} 20. Qe5 {[%clk 0:40:06]} Rc7 {[%clk 0:31:29]} 21. h3
{[%clk 0:33:50]} Rd7 {[%clk 0:27:03]} 22. Nc4 {[%clk 0:13:55]} Re8
{[%clk 0:26:24]} 23. Qg3 {[%clk 0:12:34]} cxd4 {[%clk 0:26:09]} 24. Ne5
{[%clk 0:10:59]} Nh5 {[%clk 0:23:31]} 25. Qh2 {[%clk 0:10:43]} Rc7
{[%clk 0:20:49]} 26. Rxc7 {[%clk 0:01:18]} Qxc7 {[%clk 0:21:13]} 27. exd4
{[%clk 0:01:42]} Qc2 {[%clk 0:21:17]} 28. Rf1 {[%clk 0:02:03]} Qxb2
{[%clk 0:21:23]} 29. Nxf7 Qxd4 {[%clk 0:21:36]} 30. Qc7 {[%clk 0:02:10]} Qg7
{[%clk 0:18:47]} 31. Rd1 {[%clk 0:02:30]} Nf6 {[%clk 0:16:27]} 32. Rc1
{[%clk 0:02:25]} Nd5 {[%clk 0:12:20]} 33. Qb7 {[%clk 0:02:01]} Rd8
{[%clk 0:09:24]} 34. Nxd8 {[%clk 0:02:06]} Qxb7 {[%clk 0:09:33]} 35. Nxb7
{[%clk 0:02:35]} Nb4 {[%clk 0:09:23]} 36. a3 {[%clk 0:02:50]} Nd5
{[%clk 0:09:25]} 37. Rd1 {[%clk 0:02:29]} Nc3 {[%clk 0:09:30]} 38. Rd3
{[%clk 0:02:49]} Ne2+ {[%clk 0:09:39]} 39. Kf1 {[%clk 0:03:11]} Nf4
{[%clk 0:09:52]} 40. Rb3 {[%clk 0:03:18]} Nd5 {[%clk 0:09:56]} 41. Rb5
{[%clk 0:03:36]} 1-0

[Event "2016 Redpath Mining Millionaire Chess Open"]
[Site "Venue: Old Ed’s Sports Complex, Houghton, Johannesburg"]
[Date "2016.07.15"]
[Round "4"]
[Board "11"]
[White "Goldberg, Shmuel"]
[Black "Mateus, Domingos"]
[Result "0-1"]
[WhiteElo "1597"]
[BlackElo "1877"]
[PlyCount "0"]
[EventDate "2016.07.13"]
[EventRounds "9"]
[EventCountry "RSA"]

1. d4 {[%clk 1:30:33]} Nf6 {[%clk 1:30:48]} 2. c4 {[%clk 1:30:54]} g6
{[%clk 1:31:11]} 3. Nc3 {[%clk 1:31:18]} d5 {[%clk 1:31:36]} 4. Nf3
{[%clk 1:31:40]} Bg7 {[%clk 1:31:49]} 5. Bg5 {[%clk 1:30:59]} c6 {[%clk 1:31:14]}
6. e3 {[%clk 1:31:09]} Bg4 {[%clk 1:25:34]} 7. Bxf6 {[%clk 1:29:21]} Bxf6
{[%clk 1:25:38]} 8. Qb3 {[%clk 1:29:34]} dxc4 {[%clk 1:21:47]} 9. Bxc4
{[%clk 1:29:29]} O-O {[%clk 1:22:09]} 10. Qxb7 {[%clk 1:29:25]} Nd7
{[%clk 1:22:21]} 11. Qxc6 {[%clk 1:28:00]} Rc8 {[%clk 1:22:26]} 12. Qa6
{[%clk 1:28:03]} Qc7 {[%clk 1:21:21]} 13. Bb3 {[%clk 1:23:33]} Bxf3
{[%clk 1:19:50]} 14. gxf3 {[%clk 1:22:58]} Nb8 {[%clk 1:20:15]} 15. Qe2
{[%clk 1:22:21]} Rfd8 {[%clk 1:20:32]} 16. O-O {[%clk 1:21:00]} Qa5
{[%clk 1:19:57]} 17. Qb5 {[%clk 1:19:39]} Qc7 {[%clk 1:20:21]} 18. Nd5
{[%clk 1:19:46]} Qd6 {[%clk 1:20:48]} 19. Nxf6+ {[%clk 1:16:03]} Qxf6
{[%clk 1:19:58]} 20. f4 {[%clk 1:16:16]} Nd7 {[%clk 1:15:01]} 21. Rac1
{[%clk 1:15:19]} Rb8 {[%clk 1:15:28]} 22. Qg5 {[%clk 1:15:37]} Qd6
{[%clk 1:15:19]} 23. Rc2 {[%clk 1:13:32]} h6 {[%clk 1:14:48]} 24. Qxh6
{[%clk 1:12:44]} Rb5 {[%clk 1:14:01]} 25. Rc5 {[%clk 1:11:47]} Nxc5
{[%clk 1:13:53]} 26. dxc5 {[%clk 1:12:11]} Rxc5 {[%clk 1:14:15]} 27. Rd1
{[%clk 1:12:14]} Qxd1+ {[%clk 1:14:44]} 28. Bxd1 {[%clk 1:11:49]} Rxd1+
{[%clk 1:15:13]} 29. Kg2 {[%clk 1:12:18]} Rh5 0-1

[Event "2016 Redpath Mining Millionaire Chess Open"]
[Site "Venue: Old Ed’s Sports Complex, Houghton, Johannesburg"]
[Date "2016.07.15"]
[Round "4"]
[Board "12"]
[White "Oberholzer, Imarie"]
[Black "Thabethe, Nhlanhla"]
[Result "0-1"]
[WhiteElo "1504"]
[BlackElo "1802"]
[PlyCount "0"]
[EventDate "2016.07.13"]
[EventRounds "9"]
[EventCountry "RSA"]

1. e4 {[%clk 1:30:56]} c5 {[%clk 1:28:11]} 2. Nc3 {[%clk 1:30:51]} Nc6
{[%clk 1:26:41]} 3. f4 {[%clk 1:30:03]} e6 {[%clk 1:25:25]} 4. Nf3
{[%clk 1:27:36]} a6 {[%clk 1:22:20]} 5. Be2 {[%clk 1:24:46]} d5 {[%clk 1:19:39]}
6. exd5 {[%clk 1:22:30]} exd5 {[%clk 1:20:02]} 7. O-O {[%clk 1:18:26]} Nf6
{[%clk 1:19:40]} 8. d3 {[%clk 1:17:16]} Be7 {[%clk 1:19:53]} 9. Qe1
{[%clk 1:14:52]} O-O {[%clk 1:19:54]} 10. Bd2 {[%clk 1:12:25]} Bg4
{[%clk 1:19:27]} 11. Ne5 {[%clk 1:08:25]} Bxe2 {[%clk 1:09:06]} 12. Nxe2
{[%clk 1:07:27]} Re8 {[%clk 1:06:01]} 13. Qg3 {[%clk 1:04:38]} Bf8
{[%clk 1:05:48]} 14. Rae1 {[%clk 1:03:13]} Qb6 {[%clk 1:05:33]} 15. Nxc6
{[%clk 1:00:55]} bxc6 {[%clk 1:05:31]} 16. b3 {[%clk 1:00:06]} c4+
{[%clk 1:02:13]} 17. Kh1 {[%clk 0:56:19]} cxb3 {[%clk 1:02:06]} 18. axb3
{[%clk 0:56:24]} Qc5 {[%clk 1:02:01]} 19. c4 {[%clk 0:52:02]} dxc4
{[%clk 1:01:49]} 20. bxc4 {[%clk 0:51:36]} a5 {[%clk 1:01:06]} 21. Nc3
{[%clk 0:51:05]} a4 {[%clk 1:00:28]} 22. Rxe8 {[%clk 0:50:35]} Nxe8
{[%clk 1:00:45]} 23. Ra1 {[%clk 0:49:38]} a3 {[%clk 1:00:50]} 24. Na2
{[%clk 0:47:25]} Rb8 {[%clk 0:57:53]} 25. Qe1 {[%clk 0:44:15]} Qd4
{[%clk 0:56:32]} 26. Rb1 {[%clk 0:35:34]} Rd8 {[%clk 0:51:13]} 27. Bb4
{[%clk 0:31:40]} Qxd3 {[%clk 0:50:04]} 28. Bxf8 {[%clk 0:29:32]} Kxf8
{[%clk 0:50:09]} 29. Qb4+ {[%clk 0:28:30]} Qd6 {[%clk 0:47:38]} 30. Qxd6+
{[%clk 0:28:14]} Nxd6 {[%clk 0:47:57]} 31. Rd1 {[%clk 0:27:12]} Rb8
{[%clk 0:48:05]} 32. h3 {[%clk 0:26:53]} Nxc4 {[%clk 0:47:30]} 33. Rc1
{[%clk 0:26:38]} Na5 {[%clk 0:47:46]} 34. Rc5 {[%clk 0:26:10]} Ra8
{[%clk 0:47:15]} 35. Rc3 {[%clk 0:25:48]} Nb7 {[%clk 0:36:47]} 36. Rxc6
{[%clk 0:25:44]} Nd8 {[%clk 0:36:39]} 37. Rc4 {[%clk 0:25:08]} g6
{[%clk 0:36:35]} 38. g4 {[%clk 0:24:27]} Ne6 {[%clk 0:36:28]} 39. Kg2
{[%clk 0:23:18]} Rd8 {[%clk 0:35:27]} 40. f5 {[%clk 0:17:54]} gxf5
{[%clk 0:31:47]} 41. gxf5 {[%clk 0:18:07]} Ng7 {[%clk 0:31:28]} 42. Rf4
{[%clk 0:17:13]} Rd2+ {[%clk 0:30:02]} 43. Rf2 {[%clk 0:17:26]} Rxf2+
{[%clk 0:29:58]} 44. Kxf2 {[%clk 0:17:50]} Nxf5 {[%clk 0:30:11]} 45. Kf3
{[%clk 0:17:59]} Kg7 {[%clk 0:30:32]} 46. Kf4 {[%clk 0:18:03]} Kg6
{[%clk 0:30:52]} 47. Kg4 {[%clk 0:18:06]} h5+ {[%clk 0:30:49]} 48. Kf4
{[%clk 0:18:21]} Ng7 {[%clk 0:30:14]} 49. Kf3 {[%clk 0:18:00]} Kg5
{[%clk 0:30:25]} 50. Kg3 {[%clk 0:18:14]} h4+ {[%clk 0:29:15]} 51. Kf3
{[%clk 0:18:29]} Ne6 {[%clk 0:29:09]} 52. Kg2 {[%clk 0:18:14]} Kf4
{[%clk 0:29:25]} 53. Kf2 {[%clk 0:18:32]} Nc5 {[%clk 0:29:32]} 54. Kg2
{[%clk 0:18:27]} Nd3 {[%clk 0:29:50]} 55. Kh2 {[%clk 0:18:20]} Kf3
{[%clk 0:29:56]} 56. Kg1 {[%clk 0:18:37]} Kg3 {[%clk 0:30:13]} 0-1

[Event "2016 Redpath Mining Millionaire Chess Open"]
[Site "Venue: Old Ed’s Sports Complex, Houghton, Johannesburg"]
[Date "2016.07.15"]
[Round "4"]
[Board "13"]
[White "Xulu, Lindokuhle"]
[Black "Oberholzer, Marni"]
[Result "1-0"]
[WhiteElo "1775"]
[BlackElo "1643"]
[PlyCount "0"]
[EventDate "2016.07.13"]
[EventRounds "9"]
[EventCountry "RSA"]

1. e4 {[%clk 1:14:53]} c6 {[%clk 1:30:21]} 2. d4 {[%clk 1:15:16]} d5
{[%clk 1:30:41]} 3. Nc3 {[%clk 1:15:39]} dxe4 {[%clk 1:30:07]} 4. Nxe4
{[%clk 1:16:00]} Nd7 {[%clk 1:29:25]} 5. Nf3 {[%clk 1:16:19]} Ngf6
{[%clk 1:29:43]} 6. Ng3 {[%clk 1:16:33]} Nb6 {[%clk 1:29:09]} 7. Be2
{[%clk 1:16:54]} Bg4 {[%clk 1:26:25]} 8. O-O {[%clk 1:17:08]} e6 {[%clk 1:26:34]}
9. b3 {[%clk 1:17:27]} Bd6 {[%clk 1:26:28]} 10. c4 {[%clk 1:17:48]} Be7
{[%clk 1:21:03]} 11. Bb2 {[%clk 1:17:56]} O-O {[%clk 1:20:40]} 12. Ne5
{[%clk 1:18:14]} Bxe2 {[%clk 1:20:32]} 13. Qxe2 {[%clk 1:18:37]} Qc7
{[%clk 1:14:20]} 14. Rad1 {[%clk 1:18:52]} Rad8 {[%clk 1:09:23]} 15. Rd3
{[%clk 1:17:51]} c5 {[%clk 1:08:28]} 16. dxc5 {[%clk 1:18:09]} Bxc5
{[%clk 1:07:04]} 17. Ne4 {[%clk 1:18:12]} Nxe4 {[%clk 1:05:57]} 18. Qxe4
{[%clk 1:18:33]} Rxd3 {[%clk 1:01:50]} 19. Nxd3 {[%clk 1:18:44]} Nd7
{[%clk 0:52:47]} 20. Rd1 {[%clk 1:14:13]} Re8 {[%clk 0:45:27]} 21. h4
{[%clk 1:08:31]} Be7 {[%clk 0:27:56]} 22. h5 {[%clk 0:58:23]} Bf6
{[%clk 0:25:00]} 23. Bc1 {[%clk 0:58:41]} h6 {[%clk 0:14:19]} 24. Qg4
{[%clk 0:57:20]} Kh8 {[%clk 0:14:11]} 25. Bf4 {[%clk 0:56:37]} Qa5
{[%clk 0:13:15]} 26. Nc1 {[%clk 0:54:13]} Ne5 {[%clk 0:11:21]} 27. Qg3
{[%clk 0:54:28]} Nc6 {[%clk 0:11:13]} 28. Rd7 {[%clk 0:53:42]} Qxh5
{[%clk 0:09:33]} 29. Qf3 {[%clk 0:51:32]} Qxf3 {[%clk 0:08:14]} 30. gxf3
{[%clk 0:51:55]} Re7 {[%clk 0:08:24]} 31. Rd3 {[%clk 0:52:09]} Ne5
{[%clk 0:06:16]} 32. Rd8+ {[%clk 0:51:21]} Kh7 {[%clk 0:06:30]} 33. Kg2
{[%clk 0:51:35]} Rd7 {[%clk 0:05:24]} 34. Ra8 {[%clk 0:51:50]} a6
{[%clk 0:05:08]} 35. Be3 {[%clk 0:51:56]} Nc6 {[%clk 0:05:07]} 36. Ne2
{[%clk 0:51:44]} Ne7 {[%clk 0:02:22]} 37. Ng3 {[%clk 0:50:04]} Nf5
{[%clk 0:01:45]} 38. Nxf5 {[%clk 0:50:13]} exf5 {[%clk 0:02:10]} 39. f4
{[%clk 0:50:04]} Bd4 {[%clk 0:02:09]} 40. Bc1 {[%clk 0:50:12]} Kg6
{[%clk 0:01:55]} 41. Kf3 {[%clk 0:50:18]} Bb6 {[%clk 0:01:22]} 42. Rb8
{[%clk 0:49:42]} Ba7 {[%clk 0:01:12]} 43. Ra8 {[%clk 0:49:03]} Bc5
{[%clk 0:01:27]} 44. Ke2 {[%clk 0:48:50]} Kh5 {[%clk 0:00:56]} 45. Rc8
{[%clk 0:48:42]} b6 {[%clk 0:01:05]} 46. Rc6 {[%clk 0:46:47]} Rd6
{[%clk 0:01:04]} 47. Rc7 {[%clk 0:47:07]} Re6+ {[%clk 0:01:10]} 48. Kf3
{[%clk 0:47:14]} Re7 {[%clk 0:01:18]} 49. Rc6 {[%clk 0:47:05]} Re6
{[%clk 0:01:43]} 50. Rc7 {[%clk 0:47:22]} Kg6 {[%clk 0:02:06]} 51. Bd2
{[%clk 0:46:49]} a5 {[%clk 0:02:14]} 52. Rc8 {[%clk 0:46:17]} Ba3
{[%clk 0:01:28]} 53. Be3 {[%clk 0:46:21]} Rd6 {[%clk 0:00:47]} 54. Rb8
{[%clk 0:46:07]} Bc5 {[%clk 0:00:35]} 55. Bxc5 {[%clk 0:46:14]} bxc5
{[%clk 0:00:55]} 56. Rb5 {[%clk 0:46:35]} h5 {[%clk 0:00:41]} 57. Rxc5
{[%clk 0:46:45]} Ra6 {[%clk 0:00:33]} 58. a3 {[%clk 0:46:21]} h4 {[%clk 0:00:32]}
59. b4 {[%clk 0:46:34]} axb4 {[%clk 0:00:58]} 60. axb4 {[%clk 0:46:57]} Ra3+
{[%clk 0:01:24]} 61. Kg2 {[%clk 0:46:52]} h3+ {[%clk 0:01:30]} 62. Kh2
{[%clk 0:47:15]} Rf3 {[%clk 0:01:44]} 63. b5 {[%clk 0:47:29]} Rxf4
{[%clk 0:00:37]} 64. b6 {[%clk 0:47:42]} Rxf2+ {[%clk 0:01:03]} 65. Kxh3
{[%clk 0:48:05]} Rb2 {[%clk 0:01:26]} 66. Rb5 {[%clk 0:48:22]} Rc2
{[%clk 0:01:33]} 67. b7 {[%clk 0:48:40]} Rc3+ {[%clk 0:00:38]} 68. Kg2
{[%clk 0:49:01]} Rc2+ {[%clk 0:00:51]} 69. Kf3 {[%clk 0:49:23]} Rxc4
{[%clk 0:00:36]} 70. b8=Q {[%clk 0:49:42]} Rc3+ {[%clk 0:00:50]} 71. Ke2
{[%clk 0:50:01]} Rc6 {[%clk 0:00:31]} 72. Qg3+ {[%clk 0:50:18]} Kf6
{[%clk 0:00:51]} 73. Qe5+ 1-0

[Event "2016 Redpath Mining Millionaire Chess Open"]
[Site "Venue: Old Ed’s Sports Complex, Houghton, Johannesburg"]
[Date "2016.07.15"]
[Round "4"]
[Board "15"]
[White "Menyuku, Boitumelo Oscar"]
[Black "Ndlovu, Talia"]
[Result "1-0"]
[WhiteElo "1785"]
[BlackElo "1203"]
[PlyCount "0"]
[EventDate "2016.07.13"]
[EventRounds "9"]
[EventCountry "RSA"]

1. d4 {[%clk 1:22:48]} d5 {[%clk 1:30:56]} 2. c4 {[%clk 1:22:57]} c6
{[%clk 1:30:32]} 3. Nc3 {[%clk 1:17:55]} dxc4 {[%clk 1:30:48]} 4. a4
{[%clk 1:13:23]} Nd7 {[%clk 1:26:28]} 5. e4 {[%clk 1:12:36]} Ngf6
{[%clk 1:24:07]} 6. Bxc4 {[%clk 1:12:17]} e6 {[%clk 1:23:41]} 7. Nf3
{[%clk 1:11:48]} Bb4 {[%clk 1:23:34]} 8. Qe2 {[%clk 1:07:22]} Nb6
{[%clk 1:17:58]} 9. Bd3 {[%clk 1:07:01]} O-O {[%clk 1:16:32]} 10. e5
{[%clk 1:06:02]} Nfd5 {[%clk 1:13:00]} 11. Bxh7+ {[%clk 0:50:50]} Kh8
{[%clk 1:11:22]} 12. O-O {[%clk 0:51:06]} Bxc3 {[%clk 1:06:22]} 13. bxc3
{[%clk 0:51:13]} Nxc3 {[%clk 1:04:19]} 14. Qd3 {[%clk 0:51:14]} g6
{[%clk 0:57:23]} 15. Ng5 {[%clk 0:51:03]} Nbd5 {[%clk 0:54:21]} 16. Qh3
{[%clk 0:50:20]} Nf4 {[%clk 0:51:42]} 17. Qh6 {[%clk 0:50:04]} Qxg5
{[%clk 0:47:52]} 18. Qxg5 {[%clk 0:50:11]} Kxh7 {[%clk 0:47:46]} 19. Bxf4
{[%clk 0:50:14]} Ne2+ {[%clk 0:46:18]} 20. Kh1 {[%clk 0:50:39]} Nxd4
{[%clk 0:45:37]} 21. Ra3 {[%clk 0:49:52]} b6 {[%clk 0:44:50]} 22. Rh3+
{[%clk 0:50:13]} Kg8 {[%clk 0:45:03]} 23. Qf6 {[%clk 0:50:20]} Rd8
{[%clk 0:44:43]} 24. Qg5 1-0

[Event "2016 Redpath Mining Millionaire Chess Open"]
[Site "Venue: Old Ed’s Sports Complex, Houghton, Johannesburg"]
[Date "2016.07.15"]
[Round "4"]
[Board "16"]
[White "Shaw, Laurie Ann"]
[Black "Tembo, Epah"]
[Result "0-1"]
[WhiteElo "1443"]
[BlackElo "1919"]
[PlyCount "0"]
[EventDate "2016.07.13"]
[EventRounds "9"]
[EventCountry "RSA"]

1. d4 {[%clk 1:30:55]} d5 {[%clk 1:30:49]} 2. c4 {[%clk 1:31:16]} e6
{[%clk 1:31:08]} 3. Nc3 {[%clk 1:31:33]} Nf6 {[%clk 1:31:15]} 4. cxd5
{[%clk 1:31:52]} exd5 {[%clk 1:31:29]} 5. Bg5 {[%clk 1:32:13]} Be6
{[%clk 1:31:28]} 6. e3 {[%clk 1:31:06]} Nbd7 {[%clk 1:31:43]} 7. Bd3
{[%clk 1:30:51]} c6 {[%clk 1:31:46]} 8. Qc2 {[%clk 1:30:19]} Qc7 {[%clk 1:31:57]}
9. Nf3 {[%clk 1:30:19]} a6 {[%clk 1:31:57]} 10. O-O {[%clk 1:29:24]} Bd6
{[%clk 1:32:20]} 11. Rfc1 {[%clk 1:27:46]} Bg4 {[%clk 1:32:15]} 12. Nd2
{[%clk 1:23:52]} Bxh2+ {[%clk 1:32:01]} 13. Kh1 {[%clk 1:24:14]} Bd6
{[%clk 1:29:48]} 14. e4 {[%clk 1:17:22]} dxe4 {[%clk 1:28:15]} 15. Ndxe4
{[%clk 1:16:51]} O-O-O {[%clk 1:26:52]} 16. Nxd6+ {[%clk 1:16:41]} Qxd6
{[%clk 1:27:17]} 17. d5 {[%clk 1:08:47]} h6 {[%clk 1:27:08]} 18. Bxf6
{[%clk 1:08:24]} Nxf6 {[%clk 1:26:36]} 19. Bf5+ {[%clk 1:06:54]} Kb8
{[%clk 1:26:50]} 20. dxc6 {[%clk 1:05:50]} Qxc6 {[%clk 1:27:05]} 21. Bxg4
{[%clk 0:59:50]} Nxg4 {[%clk 1:27:04]} 22. Qf5 {[%clk 0:59:34]} h5
{[%clk 1:26:12]} 23. Nd5 {[%clk 0:43:44]} Rxd5 {[%clk 1:23:27]} 24. Qxf7
{[%clk 0:33:45]} Qd6 {[%clk 1:23:33]} 25. g3 {[%clk 0:33:28]} Rf8
{[%clk 1:23:10]} 26. Qxg7 {[%clk 0:33:00]} Rxf2 {[%clk 1:23:16]} 27. Qh8+
{[%clk 0:31:29]} Ka7 {[%clk 1:23:14]} 28. Qe8 {[%clk 0:30:42]} Rh2+
{[%clk 1:23:18]} 29. Kg1 {[%clk 0:31:03]} Qxg3+ {[%clk 1:23:40]} 30. Kf1
{[%clk 0:31:22]} Qf2# 0-1